|
|
|
|
| LEADER |
00000cam a2200000 4500 |
| 001 |
vtls011777325 |
| 003 |
SK-MaSNL |
| 005 |
20260302054713.0 |
| 008 |
210624s2018 xo jr 000 fdslo |
| 015 |
|
|
|a SNBA2019/06
|
| 020 |
|
|
|a 9788081700484
|q (viazané)
|
| 035 |
|
|
|a urn:nbn:sk:snk-am00e958
|
| 035 |
|
|
|a urn:nbn:sk:snk-am3ig9h
|
| 035 |
|
|
|a 5E843059-CD9C-4878-8E7D-73A7C7D98E95
|
| 040 |
|
|
|a SNK
|b slo
|c SNK
|e rda
|
| 041 |
0 |
|
|a slo
|
| 044 |
|
|
|a xo
|c SK
|
| 072 |
|
7 |
|a 821.162.4-3
|x Slovenská próza
|2 konspekt
|
| 072 |
|
7 |
|a 821-93
|x Literatúra pre deti a mládež (beletria)
|2 konspekt
|
| 080 |
|
|
|a 821.162.4-31
|2 2011
|
| 080 |
|
|
|a (0:82-312.9)
|2 2011
|
| 080 |
|
|
|a 82-93-053.6
|2 2011
|
| 100 |
1 |
|
|a Guričanová, Zuzana,
|d 1992-
|4 aut
|9 177074
|
| 245 |
1 |
0 |
|a Atlantis
|c Zuzana Guričanová
|
| 250 |
|
|
|a Prvé vydanie
|
| 264 |
|
1 |
|a Bratislava
|b Trio Publishing, s.r.o.
|c 2018
|
| 300 |
|
|
|a 304 strán
|c 21 cm
|
| 336 |
|
|
|a text
|b txt
|2 rdacontent
|
| 337 |
|
|
|a bez média
|b n
|2 rdamedia
|
| 338 |
|
|
|a zväzok
|b nc
|2 rdacarrier
|
| 490 |
1 |
|
|a FeelGoodBooks
|v 4
|
| 500 |
|
|
|a Obsahuje biografické údaje o autorke na zadnej obálke
|
| 521 |
8 |
|
|a Čítanie pre tínedžerov 13+
|
| 650 |
0 |
7 |
|a slovenské romány
|2 SNKPH
|9 103163
|
| 650 |
0 |
7 |
|a fantasy romány
|2 SNKPH
|9 432811
|
| 650 |
0 |
7 |
|a Slovak fiction
|2 SNKPHeng
|9 303488
|
| 650 |
0 |
7 |
|a Fantasy novellas
|2 SNKPHeng
|9 432812
|
| 650 |
0 |
7 |
|a literatúra pre mládež
|2 SNKPH
|9 28151
|
| 650 |
0 |
7 |
|a Juvenile literature
|2 SNKPHeng
|9 714246
|
| 830 |
|
0 |
|a FeelGoodBooks
|9 495196
|
| 919 |
|
|
|a 978-80-8170-048-4
|
| 958 |
|
|
|a LX
|
| 958 |
|
|
|a DB
|
| 999 |
|
|
|c 1114366
|d 1116296
|
| 952 |
|
|
|a SNK
|b SNK
|y PREZ
|7 0
|p 17A1373329
|o snkSC 184645
|i snk2019/16086
|8 0
|0 0
|1 0
|4 0
|d 2019-06-10
|f 1
|l 0
|r 2026-02-24 18:11:50
|w 2026-02-24
|
| 952 |
|
|
|a SNK
|b SNK
|y PREZ
|7 0
|p 17A1373330
|o snkSC 184645 D1
|i snk2019/16087
|8 0
|0 0
|1 0
|4 0
|d 2019-06-10
|l 0
|r 2026-02-24 18:11:50
|w 2026-02-24
|